HTML & Xhtml (Record no. 1664)

MARC details
000 -LEADER
Fixed length control field 00589nam a2200193 4500
003 - CONTROL NUMBER IDENTIFIER
Control field SEACOMEC
005 - DATE AND TIME OF LATEST TRANSACTION
Control field 20240829131637.0
008 - FIXED-LENGTH DATA ELEMENTS--GENERAL INFORMATION
Fixed length control field 240829b |||||||| |||| 00| 0 eng d
020 ## - INTERNATIONAL STANDARD BOOK NUMBER / ISBN
International Standard Book Number 978-0596527327
Price 500.00
040 ## - CATALOGING SOURCE
Original cataloging agency SEACOMEC
082 ## - DEWEY DECIMAL CLASSIFICATION NUMBER
Classification number 006.74
Book Number M985
100 ## - MAIN ENTRY--PERSONAL NAME
Personal name Musciano, Chuck
245 ## - TITLE STATEMENT
Title HTML & Xhtml
Sub title : The Definitive Guide
Statement of responsibility Chuck Musciano and Bill Kennedy
250 ## - EDITION STATEMENT
Edition statement 6th ed
260 ## - IMPRINT
Place of publication Navi Mumbai
Name of publisher Shroff
Date of publication 2006
300 ## - PHYSICAL DESCRIPTION
Page / Vol. No 678p
Dimensions 17.78 x 3.81 x 23.34 cm
650 ## - SUBJECT ADDED ENTRY--TOPICAL TERM
Topical term HTML (Computer program language) | XHTML (Computer program language)
942 ## - ADDED ENTRY ELEMENTS (KOHA)
Koha item type Books
Holdings
Withdrawn status Lost status Source of classification Damaged status Not for loan Home library Current library Date acquired Total Checkouts Call number Accession number Date last seen Price effective from Koha item type Copy number
    Dewey Decimal Classification     SEACOM ENGINEERING COLLEGE SEACOM ENGINEERING COLLEGE 11/06/2007   006.74 M985 6973 29/08/2024 29/08/2024 Books  
    Dewey Decimal Classification     SEACOM ENGINEERING COLLEGE SEACOM ENGINEERING COLLEGE 11/06/2007   006.74 M985 6974 29/08/2024 29/08/2024 Books 1
    Dewey Decimal Classification     SEACOM ENGINEERING COLLEGE SEACOM ENGINEERING COLLEGE 11/06/2007   006.74 M985 6975 29/08/2024 29/08/2024 Books 2
    Dewey Decimal Classification     SEACOM ENGINEERING COLLEGE SEACOM ENGINEERING COLLEGE 11/06/2007   006.74 M985 6976 29/08/2024 29/08/2024 Books 3
    Dewey Decimal Classification     SEACOM ENGINEERING COLLEGE SEACOM ENGINEERING COLLEGE 11/06/2007   006.74 M985 6977 29/08/2024 29/08/2024 Books 4
© Seacom Engineering College, All rights reserved.      Powered by Koha